000 00378nam a2200145Ia 4500
008 191201s2005 xx 000 0 und d
082 _a004.256
_bUFF
100 _aUFFENBACK, John
245 4 _aThe 80x86 Family Design, Programming, and Interfacing
250 _a3rd
260 _aN.Delhi
_bPearson Education
_c2005
300 _a688
650 _aB.Tech(CSE)
942 _2ddc
_cBK
999 _c1702
_d1702